[Event "GBR-ch 109th"]
[Site "Leicester"]
[Date "2023.07.23"]
[Round "2"]
[White "Jackson, Edward"]
[Black "Claridge Hansen, William"]
[Result "1/2-1/2"]
[WhiteElo "1942"]
[BlackElo "2332"]
[PlyCount "83"]
[EventDate "2023.07.22"]
[EventType "swiss"]
[EventRounds "9"]
[EventCountry "ENG"]
[SourceTitle "CBM 215 Extra"]
[Source "ChessBase"]
[SourceDate "2023.09.30"]
[SourceVersion "1"]
[SourceVersionDate "2023.09.30"]
[SourceQuality "1"]

1. e4 c5 2. c3 d5 3. exd5 Qxd5 4. d4 Nf6 5. Nf3 e6 6. Na3 Nc6 7. Nb5 Qd8 8. dxc5 Bxc5 9. Qxd8+ Kxd8 10. Bg5 a6 11. 0-0-0+ Ke7 12. Nbd4 Bd7 13. Nxc6+ Bxc6 14. Nd4 Bd5 15. Kc2 Rhd8 16. f3 b5 17. Be2 Rac8 18. Nb3 Bd6 19. Nd4 Kf8 20. Nf5 Bc5 21. Ne3 Be7 22. Bxf6 Bxf6 23. Nxd5 exd5 24. Kb1 Rb8 25. Rd2 a5 26. Rhd1 b4 27. c4 d4 28. Bd3 Rdc8 29. Re2 g6 30. Rde1 Rc5 31. Re4 Rd8 32. f4 Rh5 33. h3 Bh4 34. Rf1 Rc5 35. f5 Be7 36. fxg6 hxg6 37. Rff4 g5 38. Rf3 Rd6 39. Re2 Rf6 40. Rxf6 Bxf6 41. Rf2 Ke7 42. Kc2 1/2-1/2

[Event "Newcastle Northumbria Masters IM"]
[Site "Newcastle on Tyne"]
[Date "2022.08.30"]
[Round "9"]
[White "Claridge Hansen, William"]
[Black "Turner, Max N"]
[Result "1-0"]
[WhiteElo "2345"]
[BlackElo "2247"]
[PlyCount "51"]
[EventDate "2022.08.26"]
[EventType "tourn"]
[EventRounds "9"]
[EventCountry "ENG"]
[EventCategory "2"]
[SourceTitle "CBM 210 Extra"]
[Source "ChessBase"]
[SourceDate "2022.11.30"]
[SourceVersion "1"]
[SourceVersionDate "2022.11.30"]
[SourceQuality "1"]

1. c4 e6 2. g3 d5 3. Bg2 Nf6 4. Nf3 dxc4 5. Qa4+ Nbd7 6. Qxc4 a6 7. Qc2 c5 8. Nc3 h5 9. d4 h4 10. gxh4 cxd4 11. Nxd4 Bc5 12. Nb3 Ba7 13. Bg5 Qc7 14. e3 Nd5 15. Bxd5 exd5 16. 0-0-0 Nf6 17. Kb1 Bg4 18. Rxd5 Nxd5 19. Qe4+ Be6 20. Nxd5 Qc6 21. Rd1 Bb6 22. Qb4 Bc5 23. Qxc5 Qxc5 24. Nxc5 Bxd5 25. Rxd5 Rh5 26. Re5+ 1-0

[Event "Titled Tuesday intern op 09th Aug Late"]
[Site "Chess.com INT"]
[Date "2022.08.09"]
[Round "3"]
[White "Claridge Hansen, William"]
[Black "Jaracz, Pawel"]
[Result "1-0"]
[WhiteElo "2345"]
[BlackElo "2463"]
[PlyCount "91"]
[EventDate "2022.08.09"]
[EventType "swiss (blitz)"]
[EventRounds "11"]
[EventCountry "USA"]
[SourceTitle "EXT 2023"]
[Source "ChessBase"]
[SourceDate "2022.10.05"]
[SourceVersion "1"]
[SourceVersionDate "2022.10.05"]
[SourceQuality "1"]

1. d4 Nf6 2. Bg5 g6 3. Bxf6 exf6 4. e3 d5 5. g3 Bd6 6. Bg2 c6 7. Ne2 h5 8. h4 Nd7 9. Nd2 f5 10. c4 Nf6 11. Qb3 0-0 12. 0-0 dxc4 13. Nxc4 Be6 14. Qc2 Bc7 15. Rfd1 Ng4 16. Nd2 Qe7 17. Nc3 Rfd8 18. Nf3 Bxg3 19. fxg3 Nxe3 20. Qe2 Nxd1 21. Rxd1 Qf6 22. Ne5 Rd6 23. Qf2 Qe7 24. Qf4 Rad8 25. b4 Kg7 26. a3 f6 27. Nf3 Qd7 28. Re1 Bf7 29. Re3 a5 30. Ne2 axb4 31. axb4 Bd5 32. Kh2 Be4 33. Rxe4 fxe4 34. Qxe4 Re8 35. Qc2 Qf5 36. Qb2 Re3 37. Nf4 Qg4 38. Qf2 Re7 39. Bh3 Rd8 40. Bxg4 hxg4 41. Ne1 Rde8 42. Neg2 Re4 43. d5 g5 44. Nh5+ Kg6 45. Qxf6+ Kxh5 46. Qxg5# 1-0

[Event "Titled Tuesday intern op 09th Aug Late"]
[Site "Chess.com INT"]
[Date "2022.08.09"]
[Round "2"]
[White "Schmakel, Sam A"]
[Black "Claridge Hansen, William"]
[Result "1/2-1/2"]
[WhiteElo "2418"]
[BlackElo "2345"]
[PlyCount "71"]
[EventDate "2022.08.09"]
[EventType "swiss (blitz)"]
[EventRounds "11"]
[EventCountry "USA"]
[SourceTitle "EXT 2023"]
[Source "ChessBase"]
[SourceDate "2022.10.05"]
[SourceVersion "1"]
[SourceVersionDate "2022.10.05"]
[SourceQuality "1"]

1. d4 Nf6 2. c4 c5 3. d5 b5 4. cxb5 a6 5. e3 g6 6. Nc3 Bg7 7. Nf3 0-0 8. a4 e6 9. d6 Ne8 10. e4 Bb7 11. bxa6 Nxa6 12. Bb5 f5 13. Bg5 Qc8 14. e5 Rf7 15. Be7 Ra7 16. Qe2 Nb4 17. Ng5 Rxe7 18. dxe7 Bxg2 19. Rg1 Bc6 20. Rd1 Nc7 21. h4 Qe8 22. h5 Qxe7 23. hxg6 hxg6 24. f4 Ncd5 25. Qh2 Ne3 26. Qh7+ Kf8 27. Qxg6 Nbc2+ 28. Kd2 Nxd1 29. Rh1 Bxh1 30. Nxd1 Nd4 31. Bc4 Bd5 32. Nh7+ Kg8 33. Nf6+ Kf8 34. Nh7+ Kg8 35. Nf6+ Kf8 36. Nh7+ 1/2-1/2

[Event "ECF Charity Marathon UKR"]
[Site "Chess.com INT"]
[Date "2022.04.03"]
[Round "?"]
[White "Hebden, Mark"]
[Black "Claridge Hansen, William"]
[Result "1-0"]
[WhiteElo "2448"]
[BlackElo "2318"]
[PlyCount "105"]
[EventDate "2022.04.02"]
[EventType "swiss (blitz)"]
[EventRounds "74"]
[EventCountry "USA"]
[SourceTitle "CBM 207 Extra"]
[Source "ChessBase"]
[SourceDate "2022.05.31"]
[SourceVersion "1"]
[SourceVersionDate "2022.05.31"]
[SourceQuality "1"]

1. e4 d5 2. exd5 Qxd5 3. Nc3 Qd6 4. d4 Nf6 5. Nf3 c6 6. Ne5 Nbd7 7. Nc4 Qc7 8. a4 Nb6 9. Ne5 Be6 10. Bf4 Nbd5 11. Nxd5 Nxd5 12. Bg3 Qa5+ 13. Qd2 Qxd2+ 14. Kxd2 g6 15. a5 Bh6+ 16. Kd1 0-0 17. a6 b5 18. Nxc6 Bg4+ 19. f3 Bd7 20. Ne5 Ne3+ 21. Ke2 Nxc2 22. Rd1 Bc8 23. Nc6 Bxa6 24. f4 Bg7 25. Kd3 e6 26. Ne7+ Kh8 27. Kxc2 Bf6 28. Ra1 Bb7 29. Bxb5 Bxe7 30. Bc4 Rfc8 31. b3 Be4+ 32. Kd2 Bxg2 33. Rhc1 Rd8 34. Bf2 Bb4+ 35. Kc2 Be4+ 36. Kb2 a5 37. Rd1 Bd5 38. Bh4 Rdc8 39. Bf6+ Kg8 40. Rdc1 a4 41. Bxd5 a3+ 42. Ka2 exd5 43. Rab1 Bc3 44. Rc2 Bb2 45. Re2 Rc3 46. Rbe1 Rcc8 47. f5 Kf8 48. Be7+ Kg8 49. f6 Rcb8 50. Bc5 Rc8 51. Re7 Rd8 52. Rb7 Rac8 53. Ree7 1-0

[Event "ECF Charity Marathon UKR"]
[Site "Chess.com INT"]
[Date "2022.04.03"]
[Round "?"]
[White "Rizvi, Nasir"]
[Black "Claridge Hansen, William"]
[Result "1/2-1/2"]
[WhiteElo "1984"]
[BlackElo "2318"]
[PlyCount "78"]
[EventDate "2022.04.02"]
[EventType "swiss (blitz)"]
[EventRounds "74"]
[EventCountry "USA"]
[SourceTitle "CBM 207 Extra"]
[Source "ChessBase"]
[SourceDate "2022.05.31"]
[SourceVersion "1"]
[SourceVersionDate "2022.05.31"]
[SourceQuality "1"]

1. d4 d5 2. Nc3 Nf6 3. Bf4 a6 4. e3 c5 5. dxc5 e6 6. Nf3 Bxc5 7. Bd3 0-0 8. 0-0 Nc6 9. e4 dxe4 10. Nxe4 Be7 11. a3 h6 12. Qd2 Nxe4 13. Bxe4 Qxd2 14. Bxd2 Bf6 15. Rab1 Bd7 16. Rfd1 Rfd8 17. Bf4 Rac8 18. Be3 Be8 19. c3 Rxd1+ 20. Rxd1 Rd8 21. Rxd8 Nxd8 22. Kf1 Be7 23. Ke2 f5 24. Bc2 Bc6 25. Bb3 Bd5 26. Bxd5 exd5 27. Nd4 g6 28. Bxh6 Kf7 29. Bf4 Bf6 30. g3 Bxd4 31. cxd4 Nc6 32. Be5 Ke6 33. f4 g5 34. Kd3 g4 35. b3 b5 36. Kc3 Kf7 37. a4 Kg6 38. axb5 axb5 39. Kd3 Kh5 1/2-1/2

[Event "ECF Charity Marathon UKR"]
[Site "Chess.com INT"]
[Date "2022.04.03"]
[Round "?"]
[White "Shepley, Julien M"]
[Black "Claridge Hansen, William"]
[Result "0-1"]
[WhiteElo "1889"]
[BlackElo "2318"]
[PlyCount "88"]
[EventDate "2022.04.02"]
[EventType "swiss (blitz)"]
[EventRounds "74"]
[EventCountry "USA"]
[SourceTitle "CBM 207 Extra"]
[Source "ChessBase"]
[SourceDate "2022.05.31"]
[SourceVersion "1"]
[SourceVersionDate "2022.05.31"]
[SourceQuality "1"]

1. e4 d5 2. exd5 Qxd5 3. Nc3 Qd6 4. Nf3 Nf6 5. d4 c6 6. Ne5 Nbd7 7. Nc4 Qc7 8. Qf3 Nb6 9. Bf4 Qd7 10. 0-0-0 Qg4 11. Ne5 Qxf3 12. Nxf3 Bg4 13. Be2 e6 14. h3 Bxf3 15. Bxf3 Nbd5 16. Nxd5 cxd5 17. Rhe1 Be7 18. g4 h6 19. h4 Kd7 20. g5 hxg5 21. hxg5 Ne8 22. g6 f5 23. Be5 Bf6 24. Kb1 Rh6 25. Rg1 Bxe5 26. dxe5 Nc7 27. c4 Kc6 28. cxd5+ Nxd5 29. Rc1+ Kb6 30. Rgd1 Rxg6 31. Bxd5 exd5 32. Rxd5 Re8 33. f4 Rc6 34. b3 Re7 35. a4 Kc7 36. Rdc5 Ree6 37. b4 Rxc5 38. Rxc5+ Rc6 39. Rxc6+ Kxc6 40. Kc2 Kd5 41. Kd3 g5 42. Ke3 gxf4+ 43. Kxf4 Ke6 44. b5 b6 0-1

[Event "ECF Charity Marathon UKR"]
[Site "Chess.com INT"]
[Date "2022.04.02"]
[Round "?"]
[White "Claridge Hansen, William"]
[Black "Arakhamia Grant, Ketevan"]
[Result "1-0"]
[WhiteElo "2318"]
[BlackElo "2354"]
[PlyCount "63"]
[EventDate "2022.04.02"]
[EventType "swiss (blitz)"]
[EventRounds "74"]
[EventCountry "USA"]
[SourceTitle "CBM 207 Extra"]
[Source "ChessBase"]
[SourceDate "2022.05.31"]
[SourceVersion "1"]
[SourceVersionDate "2022.05.31"]
[SourceQuality "1"]

1. d4 Nf6 2. Bg5 c5 3. Nc3 cxd4 4. Qxd4 Nc6 5. Qh4 Qb6 6. 0-0-0 d6 7. e4 Be6 8. Kb1 Qa5 9. a3 h6 10. Bd2 g5 11. Qg3 Bg7 12. f4 Nh5 13. Qf2 Nxf4 14. Nd5 Qa4 15. Nc3 Qd4 16. Be3 Qe5 17. Nf3 Qa5 18. Nd4 0-0 19. h4 Ng6 20. hxg5 hxg5 21. Nxe6 fxe6 22. Qg3 Rac8 23. Qh3 Qe5 24. Bc4 Nd8 25. Be2 Rxc3 26. Qh7+ Kf7 27. Bh5 Ke8 28. Qxg6+ Kd7 29. Bd4 Qxd4 30. Rxd4 Bxd4 31. bxc3 Bxc3 32. Qxg5 1-0

[Event "Ilkley EJCOA 3rd"]
[Site "Ilkley"]
[Date "2022.02.25"]
[Round "4"]
[White "Camacho Collados, Jose"]
[Black "Claridge Hansen, William"]
[Result "1-0"]
[WhiteElo "2400"]
[BlackElo "2338"]
[PlyCount "68"]
[EventDate "2022.02.23"]
[EventType "tourn"]
[EventRounds "9"]
[EventCountry "ENG"]
[EventCategory "4"]
[SourceTitle "CBM 207 Extra"]
[Source "ChessBase"]
[SourceDate "2022.05.31"]
[SourceVersion "1"]
[SourceVersionDate "2022.05.31"]
[SourceQuality "1"]

1. Nf3 c5 2. g3 Nc6 3. Bg2 g6 4. c4 Bg7 5. Nc3 d6 6. 0-0 e5 7. a3 Nge7 8. b4 e4 9. Ne1 f5 10. Rb1 Be6 11. Bb2 Bxc4 12. d3 exd3 13. Nxd3 cxb4 14. axb4 Qd7 15. Nf4 0-0 16. b5 Ne5 17. Ncd5 Kh8 18. b6 Nxd5 19. Nxd5 a6 20. Rc1 Rac8 21. Nc7 Bf7 22. Qd2 Rfd8 23. Rfd1 Bb3 24. Re1 Qf7 25. Bxb7 Rb8 26. Bd5 Bxd5 27. Nxd5 h5 28. Rc7 Rd7 29. Rec1 Rb7 30. Rxb7 Rxb7 31. Rc7 Rxc7 32. bxc7 Qd7 33. Qc1 Nc6 34. Qh6+ Kg8 1-0

[Event "Ilkley EJCOA 3rd"]
[Site "Ilkley"]
[Date "2022.02.23"]
[Round "1"]
[White "Claridge Hansen, William"]
[Black "Han, Yichen"]
[Result "1/2-1/2"]
[WhiteElo "2338"]
[BlackElo "2347"]
[PlyCount "46"]
[EventDate "2022.02.23"]
[EventType "tourn"]
[EventRounds "9"]
[EventCountry "ENG"]
[EventCategory "4"]
[SourceTitle "CBM 207 Extra"]
[Source "ChessBase"]
[SourceDate "2022.05.31"]
[SourceVersion "1"]
[SourceVersionDate "2022.05.31"]
[SourceQuality "1"]

1. c4 Nf6 2. Nc3 c6 3. Nf3 d5 4. e3 e6 5. b3 Nbd7 6. Qc2 Bd6 7. Bb2 0-0 8. Rg1 e5 9. cxd5 Nxd5 10. Ne4 Bc7 11. Neg5 g6 12. h4 Qe7 13. a3 N7f6 14. Bd3 h6 15. Ne4 Nxe4 16. Bxe4 Nf6 17. g4 Nxe4 18. Qxe4 Re8 19. d4 Be6 20. dxe5 Bd5 21. Qf4 Bxf3 22. Qxf3 Bxe5 23. 0-0-0 Rad8 1/2-1/2